000
00251nam a2200097Ia 4500
008
230508s2005 xx 000 0 und d
041
_a
eng
100
_a
HELFRICK & COOPER
245
_a
ELECT. INSTRUMENTITATION &MEASUREMENT
260
_b
P.H.I. LTD
_c
2005
999
_c
323837
_d
323837